Loreto College Library, Kolkata
WEBOPAC (ONLINE PUBLIC ACCESS CATALOGUE)

The art and science of geography (Record no. 3967)

MARC details
000 -LEADER
fixed length control field 00692nam a2200229Ia 4500
005 - DATE AND TIME OF LATEST TRANSACTION
control field 20230810101357.0
008 - FIXED-LENGTH DATA ELEMENTS--GENERAL INFORMATION
fixed length control field 131103s9999 xx 000 0 und d
020 ## - ISBN | অাই এস বি এন
ISBN | অাই এস বি এন 812030876X
PRICE Rs 85
040 ## - CATALOGING SOURCE
Original cataloging agency Loreto College
041 ## - LANGUAGE CODE
Language code English
082 ## - DDC | ডিউই
Classification number | বর্গসংখ্যা 910.01
Book Number | গ্রন্থাঙ্ক DIK
245 #4 - TITLE STATEMENT | অাখ্যা বিবরণী
Title | অাখ্যা The art and science of geography
Sub title | উপঅাখ্যা integrated readings
Statement of responsibility | লেখকের দায়িত্বের বিবরণ edited by R.D. Dikshit
250 ## - EDITION STATEMENT | সংস্করণ ক্ষেত্র
Edition statement | সংস্করণ Eastern Economy Edition
260 ## - IMPRINT | প্রকাশনা ক্ষেত্র
Place of publication | প্রকাশ স্থান New Delhi
Name of publisher | প্রকাশকের নাম Prentice-Hall of India Private Limited
Date of publication | প্রকাশ কাল 1999
300 ## - PHYSICAL DESCRIPTION |
Page / Vol. No | পৃষ্ঠা / খন্ড সংখ্যা xii,195p
Other physical details | অনান্য বাহ্যিক বিবরণ drawings, diagrams
504 ## - BIBLIOGRAPHY, ETC. NOTE
Bibliography, etc Includes index
650 ## - SUBJECT ADDED ENTRY--TOPICAL TERM | বিষয় শিরোনাম - মূল বিষয়
Topical term | মূল বিষয় Geographical Thought
651 ## - SUBJECT ADDED ENTRY--GEOGRAPHIC NAME | বিষয় শিরোনাম - ভৌগলিক নাম
Geographic name | ভৌগলিক বিষয় Geography, Philosophy, Theory
700 ## - ADDED ENTRY--PERSONAL NAME | অতিরিক্ত সংলেখ - ব্
Personal name | ব্যাক্তিনাম Dikshit, R.D.
850 ## - HOLDING INSTITUTION
Holding institution LCLIB
942 ## - ADDED ENTRY ELEMENTS (KOHA)
Koha item type Books
Holdings
Withdrawn status Lost status Source of classification Damaged status Not for loan Home library Current library Date acquired Total Checkouts Full call number Accession No. Date last seen Date checked out Price effective from Koha item type Coded location qualifier
    Dewey Decimal Classification     Loreto College Loreto College 04/11/2013 1 910.01 DIK 43647 B25740 05/12/2016 05/12/2016 04/11/2013 Books  
    Dewey Decimal Classification     Loreto College Loreto College 04/11/2013   910.01 DIK 45012 B3835 04/11/2013   04/11/2013 Books